[Event "Pan American-ch School U15 12th"]
[Site "Callao"]
[Date "2023.10.16"]
[Round "1"]
[White "Zapana Huarza, Fabricio Elvis"]
[Black "Zuta Acosta, Lex Jayson"]
[Result "1-0"]
[WhiteElo "1585"]
[BlackElo "1186"]
[PlyCount "77"]
[EventDate "2023.10.16"]
[EventType "swiss"]
[EventRounds "9"]
[EventCountry "PER"]
[SourceTitle "Mega2024 Update 01"]
[Source "Chessbase"]
[SourceDate "2023.11.12"]
[SourceVersion "1"]
[SourceVersionDate "2023.11.12"]
[SourceQuality "1"]

1. d4 d5 2. Bg5 c6 3. c3 Nf6 4. e3 Bf5 5. Bd3 Bxd3 6. Qxd3 Nbd7 7. Nd2 e6 8. f4 Qb6 9. Rb1 c5 10. Ngf3 c4 11. Qe2 Bd6 12. Ne5 0-0 13. 0-0 Rac8 14. Qf3 h6 15. Bh4 Qc7 16. Bxf6 Nxf6 17. Rbd1 b5 18. a3 a5 19. Rf2 b4 20. axb4 axb4 21. g4 bxc3 22. bxc3 Bxe5 23. fxe5 Nd7 24. g5 hxg5 25. Qg4 Qa5 26. Qxg5 Qxc3 27. Rg2 g6 28. Qh6 Nxe5 29. dxe5 Qxe5 30. Nf3 Qg7 31. Qf4 f6 32. Qg4 c3 33. Qxe6+ Kh7 34. Rg3 Qg8 35. Qd7+ Qg7 36. Qxd5 Qh6 37. Qd7+ Kg8 38. Qe6+ Kg7 39. Nd4 1-0

[Event "Pan American-ch Hybrid U12 31st"]
[Site "Tornelo INT"]
[Date "2021.09.04"]
[Round "9"]
[White "Zapana Huarza, Fabricio Elvis"]
[Black "Farias Jaque, Maximiliano"]
[Result "1-0"]
[WhiteElo "1251"]
[BlackElo "1395"]
[PlyCount "121"]
[EventDate "2021.09.04"]
[EventType "swiss"]
[EventRounds "9"]
[EventCountry "NET"]
[SourceTitle "EXT 2023"]
[Source "ChessBase"]
[SourceDate "2022.10.05"]
[SourceVersion "1"]
[SourceVersionDate "2022.10.05"]
[SourceQuality "1"]

1. d4 Nf6 2. Bf4 g6 3. e3 Bg7 4. h3 0-0 5. Be2 d6 6. Nf3 b6 7. 0-0 Bb7 8. c3 Nbd7 9. Nbd2 c5 10. Bh2 a6 11. Ne1 b5 12. Bf3 Bxf3 13. Ndxf3 Qb6 14. Nd3 c4 15. Nf4 d5 16. Qc2 e6 17. Nd2 Qc6 18. Rfe1 Ne4 19. Nxe4 dxe4 20. Rad1 Nb6 21. Rd2 f5 22. Qd1 Nd5 23. f3 Nxf4 24. Bxf4 Rad8 25. Qe2 Qd5 26. Red1 Rd7 27. fxe4 Qxe4 28. Qf3 Qxf3 29. gxf3 Rd5 30. Kg2 h6 31. h4 Rfd8 32. Kh3 Kf7 33. Bg3 g5 34. e4 R5d7 35. h5 Bf8 36. Re2 Re8 37. Rde1 Rdd8 38. Be5 f4 39. a4 Bd6 40. Bxd6 Rxd6 41. axb5 axb5 42. Ra1 Rb6 43. Ra7+ Re7 44. Ra8 Re8 45. Ra5 Rc8 46. Ra7+ Kg8 47. Kg4 b4 48. d5 bxc3 49. bxc3 Rf8 50. dxe6 Rxe6 51. Rc7 Rd6 52. Rxc4 Rd1 53. Kh3 Rd3 54. Rf2 Rb8 55. Rc7 Rb3 56. Ra2 Rxf3+ 57. Kg4 Rg3+ 58. Kf5 Rb5+ 59. e5 Rb8 60. Raa7 Rd3 61. Kf6 1-0